Reducción de capital

Guardado en:
Detalles Bibliográficos
Autor principal: Pahlen Acuña, Ricardo Jose María
Formato: Desconocido
Aporte de:Registro referencial: Solicitar el recurso aquí
LEADER 00333 a2200109 4500
001 ART_9708
005 20260410161838.0
008 260409a
245 1 0 |a Reducción de capital 
100 1 |a Pahlen Acuña, Ricardo Jose María 
773 0 |t Contabilidad y administración  |g - Año 6, Nº 64 (oct. 1982)  |w REV5485 
999 |c 23828  |d 23828